| 000 | 00915nam a2200193Ia 4500 | ||
|---|---|---|---|
| 008 | 130821s1973 fr gr fre | ||
| 040 |
_aCo-BoUCM _bspa |
||
| 041 | _afre | ||
| 100 | _aChateaubriand, Francisco Renato | ||
| 245 |
_aMémoires d'outre-tombe _cFrancisco Renato Chateubriand; Notas biográficas, históricas, literarias y explicativas de Pierre Lutreau |
||
| 260 |
_aParis (Francia) _bLarousse _c1973 |
||
| 300 | _a2 volúmenes | ||
| 490 | _aNouveaux Classiques Larousse | ||
| 500 | _aExtraits.-- Avex une notice biographique.-- Une Notices historique et littéraire.-- des notes explicatives.-- Une documentation thematiques jugements.-- Un questionnaire et des sujets de devoirs | ||
| 650 | 0 | 4 |
_aLiteratura francesa _97794 |
| 700 | _aLutreau, Pierre, Notas Biográficas, Literarias, Históricas y Explicativas | ||
| 942 |
_cLIBRO _a18 _e1 _mCH17 _2DEWEY _h840 |
||
| 999 |
_c5446 _d5446 |
||